<?xml version="1.0" encoding="UTF-8"?>
<record
    xmlns:xsi="http://www.w3.org/2001/XMLSchema-instance"
    xsi:schemaLocation="http://www.loc.gov/MARC21/slim http://www.loc.gov/standards/marcxml/schema/MARC21slim.xsd"
    xmlns="http://www.loc.gov/MARC21/slim">

  <leader>05279nab a22009017  4500</leader>
  <controlfield tag="003">AR-RoUNA</controlfield>
  <datafield tag="022" ind1=" " ind2=" ">
    <subfield code="a">0327-9022</subfield>
  </datafield>
  <datafield tag="040" ind1=" " ind2=" ">
    <subfield code="a">AR-RoUNA</subfield>
    <subfield code="b">spa</subfield>
  </datafield>
  <datafield tag="041" ind1=" " ind2=" ">
    <subfield code="a">spa</subfield>
  </datafield>
  <datafield tag="044" ind1=" " ind2=" ">
    <subfield code="a">ag</subfield>
  </datafield>
  <datafield tag="245" ind1=" " ind2=" ">
    <subfield code="a">Summa+ / </subfield>
    <subfield code="b">Topograf&#xED;as Construidas</subfield>
  </datafield>
  <datafield tag="260" ind1=" " ind2=" ">
    <subfield code="a">Buenos Aires ,</subfield>
    <subfield code="c">1993</subfield>
  </datafield>
  <datafield tag="300" ind1=" " ind2=" ">
    <subfield code="a">144 p. :</subfield>
    <subfield code="b">il. byn.</subfield>
    <subfield code="b">planos</subfield>
    <subfield code="c">34 X25 cm.</subfield>
  </datafield>
  <datafield tag="505" ind1="0" ind2=" ">
    <subfield code="t">INDICE</subfield>
  </datafield>
  <datafield tag="505" ind1="0" ind2=" ">
    <subfield code="a">Carolina Coetti, Fernando Diez y Mart&#xED;n Di Peco /  Topograf&#xED;as Construidas:  m&#xED;mesis, profundidades, recorridos. p. 4</subfield>
  </datafield>
  <datafield tag="505" ind1="0" ind2=" ">
    <subfield code="t">INCISIONES EN EL PAISAJE</subfield>
  </datafield>
  <datafield tag="505" ind1="0" ind2=" ">
    <subfield code="a">Eisenman arqchitects, New York / Archivo y Biblioteca en la ciudad de la cultura de Galicia, Espa&#xF1;a, 2011. p. 6</subfield>
  </datafield>
  <datafield tag="505" ind1="0" ind2=" ">
    <subfield code="t">TRANSICIONES L&#xCD;QUIDAS</subfield>
  </datafield>
  <datafield tag="505" ind1="0" ind2=" ">
    <subfield code="a">OAB - Office of architecture in Barcelona / Paseo mar&#xED;timo de la playa de poniente en Benidorm, 2009.p p. 18</subfield>
  </datafield>
  <datafield tag="505" ind1="0" ind2=" ">
    <subfield code="t">M&#xCD;MESIS - Turqu&#xED;a - HORIZONTES DE PIEDRA</subfield>
  </datafield>
  <datafield tag="505" ind1="0" ind2=" ">
    <subfield code="a">Forregin Office architects / Complejo Comercial Meydan, Estambul, 2007. p. 28</subfield>
  </datafield>
  <datafield tag="505" ind1="0" ind2=" ">
    <subfield code="t">M&#xED;nesis - Francia - LA MONTA&#xD1;A M&#xC1;GICA - La disimulaci&#xF3;n como partido arquitectonico</subfield>
  </datafield>
  <datafield tag="505" ind1="0" ind2=" ">
    <subfield code="a">Plan 01 arquitectos / Museo de historia de la Vend&#xE9;e, Sur Bologne, 2005. p. 36</subfield>
  </datafield>
  <datafield tag="505" ind1="0" ind2=" ">
    <subfield code="a">Hans Van Der Laan / Naturaleza y arquitectura. p. 44</subfield>
  </datafield>
  <datafield tag="505" ind1="0" ind2=" ">
    <subfield code="t">PROFUNDIDADES - Espa&#xF1;a - EXENTOS Y CONECTADOS</subfield>
  </datafield>
  <datafield tag="505" ind1="0" ind2=" ">
    <subfield code="a">ACXT / Btek - Centro de interpretaci&#xF3;n de la tecnolog&#xED;a, Espa&#xF1;a, 2009. p. 48</subfield>
  </datafield>
  <datafield tag="505" ind1="0" ind2=" ">
    <subfield code="t">PROFUNDIDADES - Francia -  LA CUEVA Y EL CUBO </subfield>
  </datafield>
  <datafield tag="505" ind1="0" ind2=" ">
    <subfield code="a">LAN arqs. / Edificio EDF, Saudron, 2011. p. 56</subfield>
  </datafield>
  <datafield tag="505" ind1="0" ind2=" ">
    <subfield code="t">PROFUNDIDADES - Chile - LA DIMENSI&#xD3;N ESPIRITUAL </subfield>
  </datafield>
  <datafield tag="505" ind1="0" ind2=" ">
    <subfield code="a">Cristian Ubdurraga arq. /  Capilla del Retiro, Valle de los Andes, 2009. p. 64</subfield>
  </datafield>
  <datafield tag="505" ind1="0" ind2=" ">
    <subfield code="t">LA MULTIPLICACI&#xD3;N DEL SUELO</subfield>
  </datafield>
  <datafield tag="505" ind1="0" ind2=" ">
    <subfield code="a">Teodoro Fern&#xE1;ndez, Smilian Radic, Cecilia Puga / Centro documentaci&#xF3;n Sergio Larrain Garc&#xED;a Moreno / Proyecto Mecesup, Santiago, 2006. p. 70</subfield>
  </datafield>
  <datafield tag="505" ind1="0" ind2=" ">
    <subfield code="a">Roberto Segre / Mario Schjetnan. Paisajismo Mexicano: mito, desierto y bosque. p. 76</subfield>
  </datafield>
  <datafield tag="505" ind1="0" ind2=" ">
    <subfield code="a">Bosque  de Chapultepec, M&#xE9;xico, 2006. p. 77
</subfield>
  </datafield>
  <datafield tag="505" ind1="0" ind2=" ">
    <subfield code="a">Parque Centenario Laguna de Chapulco, M&#xE9;xico, 2010. p. 78</subfield>
  </datafield>
  <datafield tag="505" ind1="0" ind2=" ">
    <subfield code="a">Residencia Privada Malinalco, M&#xE9;xico, 2000. p. 79 </subfield>
  </datafield>
  <datafield tag="505" ind1="0" ind2=" ">
    <subfield code="a">Tecnoparque, M&#xE9;xico. p. 81</subfield>
  </datafield>
  <datafield tag="505" ind1="0" ind2=" ">
    <subfield code="a">Probiomed - Campus de biotecnolog&#xED;a e investigaci&#xF3;n, M&#xE9;xico, 2010. p. 82</subfield>
  </datafield>
  <datafield tag="505" ind1="0" ind2=" ">
    <subfield code="a">Parque Ecol&#xF3;gico Xochimilco, M&#xE9;xico, 1993. p. 83</subfield>
  </datafield>
  <datafield tag="505" ind1="0" ind2=" ">
    <subfield code="a">Alberto Varas / Parque y Monumento: arquitectura y naturaleza en el paisaje costero de Buenos Aires. p. 84</subfield>
  </datafield>
  <datafield tag="505" ind1="0" ind2=" ">
    <subfield code="a">Alberto Varas &amp; Asociados / Parque de la Memoria y Parque Natural, CABA, 2012. p. 84</subfield>
  </datafield>
  <datafield tag="505" ind1="0" ind2=" ">
    <subfield code="t">TERRITORIO NATURAL DEL ARTE</subfield>
  </datafield>
  <datafield tag="505" ind1="0" ind2=" ">
    <subfield code="a">Centro Educativo Burle Marx, Minas Gerais, Brasil, 2009. p. 101</subfield>
  </datafield>
  <datafield tag="505" ind1="0" ind2=" ">
    <subfield code="a">Galer&#xED;a Miguel Rio Blanco, Minas Gerais, Brasil, 2010. p. 103</subfield>
  </datafield>
  <datafield tag="505" ind1="0" ind2=" ">
    <subfield code="a">Galer&#xED;a Adriana Varej&#xE2;o, Minas Gerais, Brasil, 2008. p. 105</subfield>
  </datafield>
  <datafield tag="505" ind1="0" ind2=" ">
    <subfield code="a">Galer&#xED;a Doriis Salcedo, Minas Gerais, Brasil, 2008. p. 107</subfield>
  </datafield>
  <datafield tag="505" ind1="0" ind2=" ">
    <subfield code="a">Galer&#xED;a Cosmococas, Minas Gerais, Brasil, 2010. p. 109</subfield>
  </datafield>
  <datafield tag="505" ind1="0" ind2=" ">
    <subfield code="t">HUELLAS CONSTRUIDAS</subfield>
  </datafield>
  <datafield tag="505" ind1="0" ind2=" ">
    <subfield code="a">Rutas del Peregrino, Jalisco, M&#xE9;xico, 2010. p. 110</subfield>
  </datafield>
  <datafield tag="505" ind1="0" ind2=" ">
    <subfield code="a">Christ &amp; Gantenbein, Mirador Cerro del Obispo, Jalisco, 2010. p. 115</subfield>
  </datafield>
  <datafield tag="505" ind1="0" ind2=" ">
    <subfield code="a">Tatiana Bilbao, Santuario Mesa Colorada, Jalisco, 2010. p. 115</subfield>
  </datafield>
  <datafield tag="505" ind1="0" ind2=" ">
    <subfield code="a">Dellekamp Arqs.- Tatiana Blanco / Capilla Abierta La Gratitud, Jalisco, 2010. p. 116</subfield>
  </datafield>
  <datafield tag="505" ind1="0" ind2=" ">
    <subfield code="a">Luis Alderete / Albergues Estanzuela y Atengullo, Jalisco, 2009. p. 118</subfield>
  </datafield>
  <datafield tag="505" ind1="0" ind2=" ">
    <subfield code="a">Ai Mei Mei - Fake Desing / Santuario Estanzuela, Jalisco, 2009. p. 119</subfield>
  </datafield>
  <datafield tag="505" ind1="0" ind2=" ">
    <subfield code="a">HHF arqs. / Mirador Espinazo del Diablo, Jalisco, 2010. p. 120</subfield>
  </datafield>
  <datafield tag="505" ind1="0" ind2=" ">
    <subfield code="a">Elemtal / Mirador Las Cruces, Jalisco, 2009. p. 122</subfield>
  </datafield>
  <datafield tag="505" ind1="0" ind2=" ">
    <subfield code="a">Dellekamp arqs. - Perif&#xE9;rica, Santuario Void Temple, Jalisco, 2009. p. 124</subfield>
  </datafield>
  <datafield tag="505" ind1="0" ind2=" ">
    <subfield code="a">Juan Rom&#xE1;n / Ondulaciones: sobre las &#xA8;obras de titulaci&#xF3;n&#xA8;en la escuela de arquitectura de la universidad de Talca. p. 126</subfield>
  </datafield>
  <datafield tag="505" ind1="0" ind2=" ">
    <subfield code="a">Ignacio Loyola Lizama / Observatorio Numpay, Chile, 2010. p. 128</subfield>
  </datafield>
  <datafield tag="505" ind1="0" ind2=" ">
    <subfield code="a">Juan Rodr&#xED;guez Acevedo / Mirador Comedor Emergente, Chile, 2010. p. 129</subfield>
  </datafield>
  <datafield tag="505" ind1="0" ind2=" ">
    <subfield code="a">Juan Chamorro Verdugo / Descanso sobre las rocas, Chile, 2011. p. 130</subfield>
  </datafield>
  <datafield tag="505" ind1="0" ind2=" ">
    <subfield code="a">Claudio Urz&#xFA;a Barraza / Intervenci&#xF3;n en el paisaje, Chile, 2010. p. 130</subfield>
  </datafield>
  <datafield tag="505" ind1="0" ind2=" ">
    <subfield code="a">Natalia Reyes Prieto / Feria - Mirador La Lajuela,  Chile, 2010. p. 131</subfield>
  </datafield>
  <datafield tag="505" ind1="0" ind2=" ">
    <subfield code="a">Gustavo Torres Coria / Santuario Seis V&#xED;rgenes, 2010. p. 131</subfield>
  </datafield>
  <datafield tag="505" ind1="0" ind2=" ">
    <subfield code="a">Andrea Mu&#xF1;oz Calquin / Pabell&#xF3;n en Boyeruca, Chile, 2010. p. 132</subfield>
  </datafield>
  <datafield tag="505" ind1="0" ind2=" ">
    <subfield code="a">Felipe Andr&#xE9;s Aranda Qu&#xED;roz / Salinas, un lugar para la historia. p. 133</subfield>
  </datafield>
  <datafield tag="505" ind1="0" ind2=" ">
    <subfield code="a">Alfonso Corona Mat&#xED;nez / Mundaneum. p. 134</subfield>
  </datafield>
  <datafield tag="505" ind1="0" ind2=" ">
    <subfield code="a">Ignacio Ros de Olano / Salk Institute en papel. p. 137</subfield>
  </datafield>
  <datafield tag="505" ind1="0" ind2=" ">
    <subfield code="a">Roberto Fern&#xE1;ndez / El Italiano de Praga. p. 139</subfield>
  </datafield>
  <datafield tag="505" ind1="0" ind2=" ">
    <subfield code="a">Mario Sabugo / Sobre arquitectos y tumbas. p. 142</subfield>
  </datafield>
  <datafield tag="505" ind1="0" ind2=" ">
    <subfield code="a">Marcelo Corti / Barrio Chino: el rostro &#xE9;tnico del bajo Belgrano. p. 144</subfield>
  </datafield>
  <datafield tag="650" ind1=" " ind2=" ">
    <subfield code="a">Arquitectura contempor&#xE1;nea</subfield>
  </datafield>
  <datafield tag="773" ind1="0" ind2=" ">
    <subfield code="a">Summa+</subfield>
    <subfield code="d">Buenos Aires, Argentina</subfield>
    <subfield code="g">N&#xBA;117 (sep-2011), p. 144</subfield>
    <subfield code="x">0327-9022</subfield>
  </datafield>
  <datafield tag="908" ind1=" " ind2=" ">
    <subfield code="a">Imp</subfield>
  </datafield>
  <datafield tag="942" ind1=" " ind2=" ">
    <subfield code="2">udc</subfield>
    <subfield code="c">ART</subfield>
  </datafield>
  <datafield tag="945" ind1=" " ind2=" ">
    <subfield code="a">MBP</subfield>
    <subfield code="d">2022-07-08</subfield>
  </datafield>
  <datafield tag="980" ind1=" " ind2=" ">
    <subfield code="8">138</subfield>
    <subfield code="g">Carolina Rainero</subfield>
    <subfield code="6">138</subfield>
    <subfield code="a">Carolina Rainero</subfield>
  </datafield>
  <datafield tag="999" ind1=" " ind2=" ">
    <subfield code="c">12244</subfield>
    <subfield code="d">12244</subfield>
  </datafield>
  <datafield tag="952" ind1=" " ind2=" ">
    <subfield code="0">0</subfield>
    <subfield code="1">0</subfield>
    <subfield code="2">udc</subfield>
    <subfield code="4">0</subfield>
    <subfield code="7">0</subfield>
    <subfield code="a">AR-RoUNA</subfield>
    <subfield code="b">AR-RoUNA</subfield>
    <subfield code="c">Heme</subfield>
    <subfield code="d">2025-11-13</subfield>
    <subfield code="e">Sub</subfield>
    <subfield code="l">0</subfield>
    <subfield code="p">1002850</subfield>
    <subfield code="r">2025-11-13</subfield>
    <subfield code="t">ej. 1</subfield>
    <subfield code="w">2025-11-13</subfield>
    <subfield code="y">ART</subfield>
    <subfield code="k">K6</subfield>
    <subfield code="x"></subfield>
  </datafield>
</record>
